1617 1422 1149 1775 1257 1488 1856 1333 1171 1796 1944 1495 1521 1831 1029 1147 1184 1658 1337 1554 1463 1861 1517 1195 1519 1202 1027 1562 1656 1501 1371 1331 1217 1890 1420 1148 1486 1202 1202 1692 1388 1184 1591 1965 1138 1933 1113 1065 1251 1886 1398 1555 1042 1888 1154 1967 1473 1958 1897 1312 1387 1544 1508 1832 1564 1431 1752 1847 1743 1038 1314 1438 1156 1853 1318 1087 1409 1206 1241 1677 1756 1768 1094 1301 1349 1733 1345 1452 1568 1554 1469 1591 1273 1795 1837 1319 1580 1100 1702 BCNSPRNW ULIB Ver.6.0+V

เปลี่ยนเป็นภาษาไทย

Change to English
 แสดงรายละเอียดบรรณานุกรม
  กลับหน้าหลัก

Brief Record : Get Marc (ISO 2709) : E-mail record : QR code < ปิดหน้าต่าง
LEADER : 00000nam 2200000uu 4500
001    13399122594
003     ULIB
008    020711s2549 th a 000 0 tha d
020    9743895809
020    9789743895807
050  4 DS586^bว768ว
100    วิษณุ โชติธนานุรักษ์
245    วีรชนคนไทย (ฉบับการ์ตูน) /^cวิษณุ โชติธนานุรักษ์
250    พิมพ์ครั้งที่ 4
260    กรุงเทพฯ :^bสกายบุ๊ค,^c2549
300    186 หน้า
650    ไทย^xชีวประวัติ
945    ^p135^l0^i20040
999    ^aทศพร เกษรทอง
รายการนี้ยังไม่มีแท็ก
คุณยังไม่ได้ล็อกอิน คุณสามารถมีกิจกรรมร่วมกับเว็บไซต์ได้ แต่ต้องล็อกอินก่อน ::
  ล็อกอิน

รายการสื่อสารสนเทศ

ลำดับที่ ประเภท เลขเรียก/บาร์โค้ด สถานที่ สถานะ
1. การศึกษาทั่วไป
การศึกษาทั่วไป
DS586 ว768ว ฉ.1 
  Barcode: 20040
ห้องสมุดวิทยาเขตสวรรค์ประชารักษ์
►หนังสือทั่วไป
บนชั้น

BibComment


ยังไม่เคยถูกคอมเมนท์

คอมเมนท์ทรัพยากรรายการนี้
  คอมเมนท์: วีรชนคนไทย ฉบับกา..


 Copyright 2026. Bcnsprnw @Library